Przykazania Boże - Statystyki

Ogólne statystyki
  • Ten quiz został rozwiązany 175 razy
  • Średni wynik to 6 z 10
Statystyki odpowiedzi
Odpowiedź % Poprawnych
Nie kradnij
86%
Nie zabijaj
86%
Nie cudzołóż
77%
Nie będziesz miał bogów cudzych przede mną
68%
Czcij ojca swego i matkę swoją
58%
Nie pożądaj żony bliźniego swego
54%
Ani żadnej rzeczy, która jego jest
52%
Nie mów fałszywego świadectwa przeciw bliźniemu swemu
35%
Pamiętaj, abyś dzień święty święcił
35%
Nie będziesz brał imienia Pana Boga swego na daremno
33%
Nie znaleziono quizów pasujących do podanych kryteriów
Rozkład punktacji
Procent ludzi z każdym wynikiem
Percentyl według liczby udzielonych odpowiedzi
Twoja historia wyników
Nie rozwiązałeś tego quizu